=LDR 00000nam 2200000 4500 =001 INLIS000000000041198 =005 20130612150738 =008 ***********************************ind** =035 ##$$0010-061300000041198 =041 ##$$a ind =082 ##$$a 638.2 =090 ##$$a 638.2, Sol b =100 ##$$a Solihin, Deddy Duryadi =245 ##$$a Budidaya ulat sutera alam attacus atlas/Deddy Duryadi Solihin, Asnath M Fuah =260 ##$$a 2010 $b Jakarta =300 ##$$a 76 hlm., ilus., 22 cm =650 ##$$a Ulat Sutera =850 ##$$a NBPNMAT